000
00198nam a2200109Ia 4500
100
_a
#N/A
942
_c
BK
245
_a
CRYSIS 2 ; Linux distro
260
_b
#N/A
546
_a
ENGLISH
999
_c
23930
_d
23930